00386nam a2200157Ia 4500003000400000008004100004040001600045082001300061100001700074245003200091260003400123300001000157490002400167650001500191650002200206GCL140319s9999 xx 000 0 eng d aGCL / cGCL04a843bA V1 aAYME, MARCEL10aLA VOUIVRE / cAYME, MARCEL a[S.N] : bGALLIMARD ، c1945 a250 P aCOLLECTION FOLIOv004aLITERATURE04aFRENCH LITERATURE